|
|
|
|
| LEADER |
00000nam0a2200000 4500 |
| 001 |
134327 |
| 005 |
20231031135635.0 |
| 035 |
|
|
|a (RuTPU)RU\TPU\book\145591
|
| 090 |
|
|
|a 134327
|
| 100 |
|
|
|a 20080327d1968 k y0rusy50 ca
|
| 101 |
0 |
|
|a rus
|
| 102 |
|
|
|a RU
|
| 105 |
|
|
|a a z 001zy
|
| 200 |
1 |
|
|a Вибрационные машины в химической технологии
|f А. Д. Лесин
|g ЦИНТИХИМНЕФТЕМАШ
|
| 210 |
|
|
|a Москва
|c [Б. и.]
|d 1968
|
| 215 |
|
|
|a 80 с.
|c ил.
|
| 225 |
1 |
|
|a Серия ХМ-1 [Химическое и нефтеперерабатывающее машиностроение]
|
| 320 |
|
|
|a Библиогр.: с. 77-79.
|
| 610 |
1 |
|
|a вибрационные машины
|
| 610 |
1 |
|
|a химическая технология
|
| 610 |
1 |
|
|a вибрационная техника
|
| 610 |
1 |
|
|a виброреологические машины
|
| 610 |
1 |
|
|a вибротранспортные машины
|
| 610 |
1 |
|
|a вибрационные сепарирующие машины
|
| 675 |
|
|
|a 66.02
|v 3
|
| 700 |
|
1 |
|a Лесин
|b А. Д.
|g Абрам Давидович
|
| 712 |
0 |
2 |
|a Центральный институт научно-технической информации и технико-экономических исследований по химическому и нефтяному машиностроению (ЦИНТИХИМНЕФТЕМАШ)
|2 stltpush
|3 (RuTPU)RU\TPU\col\10810
|
| 801 |
|
1 |
|a RU
|b 63413507
|c 20080327
|g PSBO
|
| 801 |
|
2 |
|a RU
|b 63413507
|c 20090423
|g PSBO
|
| 942 |
|
|
|c BK
|